| 000 | 00725nam a22002297a 4500 | ||
|---|---|---|---|
| 999 |
_c15476 _d15476 |
||
| 003 | AR-CdUCM | ||
| 008 | 190427b ||||| |||| 00| 0 spa d | ||
| 040 |
_aMUNICIPALIDAD PROVINCIAL DEL CUSCO _cBIBLIOTECA MUNICIPAL DEL CUSCO |
||
| 041 | _heng. | ||
| 082 |
_a838.917 / _bZ97 / 1934 |
||
| 100 |
_aZweig, Stefan _910851 |
||
| 245 | _aVeinticuatro horas de la vida de una mujer / | ||
| 260 |
_aSantiago de Chile : _bCultura, _c1934. |
||
| 300 |
_a100 paginas ; _c19 cm. |
||
| 440 |
_aBibliteca Cultura _nN°20 _934561 |
||
| 505 | _aContenido :Novela / | ||
| 650 |
_aNovelas alemanas _92845 |
||
| 650 |
_aSiglo XX _98 |
||
| 700 |
_aHernan del Solar (traductor) _934562 |
||
| 942 |
_2ddc _cLIBROS |
||
| 945 |
_arjall _d2019-04-27 |
||